Piosenki LSO po wersach #2 - Statystyki

Ogólne statystyki
  • Ten quiz został rozwiązany 24 razy
  • Średni wynik to 6 z 10
Statystyki odpowiedzi
Nr. Tekst Nazwa % Poprawnych
1. Dobrze wiesz
Sam robię ten syf
Mam zryw
Zapierdole cały gryf - tak
Biorę hantle, adelante...
Wanted
80%
3. Prawdopodobnie widziano cię dziś Najprawdopodbniej byłaś wtedy z kimś... Na 3 zmianie
73%
2. **** ** *****, chuj w dupe hipokryzji
A teraz chillout a więc jestem busy
Mamy w chuj mocy, mamy w chuj mocy
A kto pierdoli ploty, chuj w te cioty...
CMAZ na wizji
67%
5. ...Rozdały się już karty w zaułkach te kanty W eter płyną fanty jara miasto blanty Szczyty, giganty ty lubisz se zajarać ahh... Mam tu
67%
6. Pierdole scene Kocham podziemie Żyje hardcorem Chyba już tego nie zmienię... Rap ultimate
67%
10. Mi tak wiele nie potrzeba Jestem wolny jak ptak, wolny jak mewa Mi tak wiele nie potrzeba Jestem wolny jak ptak, wolny jak mewa Mi tak wiele nie potrzeba... Fakir
60%
7. Wziąłem ostatniego bucha teraz robię shit słuchaj To jest ***** *** co słyszy go niejedna pucha Podkręcimy dziś frajerów co dali ziomków z ucha... Męski rap
60%
4.
...Wiesz polegać na kim
Motyw jest taki
Nie skumają prostaki
To prosty zapis
TDW napis...
Czytaj te znaki
53%
9. Ej ziomuś do serca weź se rap który wkręcam Teraz na obroty myśląc o tym i o tym Koty za płoty poszły, miały loty Biały trotyl, już wiesz co było po tym?.... Bałagan
47%
8. To ***  z tym tempem przynoszę tobie dobre wieści Nie z opowieści Ty zrozumiałeś wszystkie moje treści , tylko z autopsji A tym co głupi są Boże rozumu kopsnij i chorych co żyją w koszmarach cudem dotknij , cudem dotknij... To 140
47%
Nie znaleziono quizów pasujących do podanych kryteriów
Rozkład punktacji
Procent ludzi z każdym wynikiem
Percentyl według liczby udzielonych odpowiedzi
Twoja historia wyników
Nie rozwiązałeś tego quizu